000 00592nam a22001817a 4500
005 20251108172237.0
008 250721s2000 xx 000 0 ara d
082 1 4 _a362.4/عزة
100 1 _aالعزة، سعيد حسني
245 1 0 _aالإعاقة السمعية و إضطرابات الكلام و النطق و اللغة /
264 1 _aعمان :
_bدار العلمية للنشر،
_c2000.
300 _a199ص
490 0 _aسلسلة التربية الخاصة
650 1 7 _aالإعاقات النمائية
650 1 7 _aالصم
942 _2ddc
_cBK
999 _c74070
_d74070